<?xml version="1.0" encoding="UTF-8"?>
<record
    xmlns:xsi="http://www.w3.org/2001/XMLSchema-instance"
    xsi:schemaLocation="http://www.loc.gov/MARC21/slim http://www.loc.gov/standards/marcxml/schema/MARC21slim.xsd"
    xmlns="http://www.loc.gov/MARC21/slim">

  <leader>02911nam a22003257a 4500</leader>
  <controlfield tag="003">OSt</controlfield>
  <controlfield tag="005">20240925125228.0</controlfield>
  <controlfield tag="008">240925s2022    mx ab||f |||| 001 0 spa d</controlfield>
  <datafield tag="020" ind1=" " ind2=" ">
    <subfield code="a">9786075431659</subfield>
  </datafield>
  <datafield tag="040" ind1=" " ind2=" ">
    <subfield code="a">CHAP</subfield>
    <subfield code="c">CHAP</subfield>
    <subfield code="e">rda</subfield>
  </datafield>
  <datafield tag="082" ind1="0" ind2="0">
    <subfield code="2">22</subfield>
    <subfield code="a">304.20972</subfield>
    <subfield code="b">A64</subfield>
  </datafield>
  <datafield tag="245" ind1=" " ind2=" ">
    <subfield code="a">Aportaciones te&#xF3;rico-pr&#xE1;cticas a la bioculturalidad:</subfield>
    <subfield code="b">aproximaciones desde el sur mexicano /</subfield>
    <subfield code="c">coordinado por Gillian E. Newell y Enrique P&#xE9;rez L&#xF3;pez</subfield>
  </datafield>
  <datafield tag="250" ind1=" " ind2=" ">
    <subfield code="a">Primera edici&#xF3;n</subfield>
  </datafield>
  <datafield tag="264" ind1=" " ind2=" ">
    <subfield code="a">M&#xE9;xico:</subfield>
    <subfield code="b">Universidad de Ciencias y Artes de Chiapas,</subfield>
    <subfield code="c">2022.</subfield>
  </datafield>
  <datafield tag="300" ind1=" " ind2=" ">
    <subfield code="a">334 p&#xE1;ginas</subfield>
    <subfield code="b">Ilustraciones, cuadros</subfield>
  </datafield>
  <datafield tag="336" ind1=" " ind2=" ">
    <subfield code="2">rdacontent</subfield>
    <subfield code="a">texto</subfield>
    <subfield code="b">txt</subfield>
  </datafield>
  <datafield tag="337" ind1=" " ind2=" ">
    <subfield code="2">rdamedia</subfield>
    <subfield code="a">sin medio</subfield>
    <subfield code="b">n</subfield>
  </datafield>
  <datafield tag="338" ind1=" " ind2=" ">
    <subfield code="2">rdacarrier</subfield>
    <subfield code="a">volumen</subfield>
    <subfield code="b">nc</subfield>
  </datafield>
  <datafield tag="490" ind1="1" ind2=" ">
    <subfield code="a">Colecci&#xF3;n Selva Negra</subfield>
  </datafield>
  <datafield tag="504" ind1=" " ind2=" ">
    <subfield code="a">Incluye &#xED;ndice y bibliograf&#xED;a</subfield>
  </datafield>
  <datafield tag="520" ind1=" " ind2=" ">
    <subfield code="a">El concepto y el paradigma de la bioculturalidad, en nuestra opini&#xF3;n colectiva. es una respuesta poderosa y necesaria a los problemas que enfrentamos en el contexto real, desalentador y supracomplejo de la crisis planetaria actual globalizada. En este libro, compuesto por una introducci&#xF3;n, diez cap&#xED;tulos y un ep&#xED;logo procedente de cuatro estados sure&#xF1;os ( Chiapas, Oaxaca, Veracruz y Yucat&#xE1;n ) de M&#xE9;xico, se dialoga, examina y teoriza sobre el t&#xE9;rmino y el modelo de estudio de la bioculturalidad para garantizar una plataforma y aportaci&#xF3;n cr&#xED;tica y constructiva en esta campo de conocimiento emergente. Se abordan las preguntas; &#xBF;Qu&#xE9; es es la bioculturalidad? &#xBF; Por qu&#xE9; es importante este concepto, y su mercado de estudio? &#xBF;Qu&#xE9; es eso, qu&#xE9; son, las bioculturalidades de y en ciertas &#xE1;reas, regiones, pr&#xE1;cticas, territorios, espacios y culturas? &#xBF;Existe y c&#xF3;mo es/son la bioculturalidad o las bioculturalidades de y en el sur mexicano? Se visualizan cuatro ejes que consideramos, forman la agenda y el n&#xFA;cleo del tema de la bioculturalidad en el sur mexicano. Utilizadas para organizar las discusiones en este libro, estos cuatro ejes son; Bioculturalidad y lenguas originarias; Metodolog&#xED;as e interdisciplinariedad; Bioculturalidad, territorialidad y biota; y Experiencias de conservaci&#xF3;n: comunidad, patrimonio y bioculturalidad. escrito desde la interdisciplinariedad: la antropolog&#xED;a, etnobiolog&#xED;a, psicolog&#xED;a, ciencias sociales y educaci&#xF3;n ambiental. Esperamos contribuir a la expansi&#xF3;n y el fortalecimiento del concepto y estudio de la bioculturalidad como tambi&#xE9;n al estilo y enfoque de vida que este paradigma conlleva e implica.</subfield>
  </datafield>
  <datafield tag="650" ind1=" " ind2="2">
    <subfield code="a">Comunidades rurales</subfield>
    <subfield code="x">Lenguaje y sociedad</subfield>
    <subfield code="9">134978</subfield>
  </datafield>
  <datafield tag="650" ind1=" " ind2="7">
    <subfield code="a">Conocimiento ecol&#xF3;gico tradicional</subfield>
    <subfield code="z">M&#xE9;xico</subfield>
    <subfield code="9">189633</subfield>
  </datafield>
  <datafield tag="650" ind1=" " ind2="4">
    <subfield code="a">Desarrollo sustentable</subfield>
    <subfield code="x">M&#xE9;xico</subfield>
    <subfield code="9">32090</subfield>
  </datafield>
  <datafield tag="650" ind1=" " ind2="7">
    <subfield code="a">Patrimonio biocultural</subfield>
    <subfield code="z">M&#xE9;xico</subfield>
    <subfield code="9">189634</subfield>
  </datafield>
  <datafield tag="700" ind1="1" ind2=" ">
    <subfield code="a">Newell Gilliam E.</subfield>
    <subfield code="9">189631</subfield>
    <subfield code="e">coordinador</subfield>
  </datafield>
  <datafield tag="700" ind1="1" ind2=" ">
    <subfield code="a">P&#xE9;rez L&#xF3;pez, Enrique</subfield>
    <subfield code="9">189632</subfield>
    <subfield code="e">coordinador</subfield>
  </datafield>
  <datafield tag="830" ind1=" " ind2="0">
    <subfield code="a">Colecci&#xF3;n Selva Negra</subfield>
    <subfield code="9">127619</subfield>
  </datafield>
  <datafield tag="942" ind1=" " ind2=" ">
    <subfield code="2">ddc</subfield>
    <subfield code="c">LIBRO</subfield>
  </datafield>
  <datafield tag="999" ind1=" " ind2=" ">
    <subfield code="c">220176</subfield>
    <subfield code="d">220176</subfield>
  </datafield>
  <datafield tag="952" ind1=" " ind2=" ">
    <subfield code="0">0</subfield>
    <subfield code="1">0</subfield>
    <subfield code="2">ddc</subfield>
    <subfield code="4">0</subfield>
    <subfield code="5">2</subfield>
    <subfield code="7">0</subfield>
    <subfield code="8">GRAL</subfield>
    <subfield code="a">BC</subfield>
    <subfield code="b">BC</subfield>
    <subfield code="c">PA_GRAL</subfield>
    <subfield code="d">2024-09-25</subfield>
    <subfield code="l">0</subfield>
    <subfield code="o">304.20972 A64</subfield>
    <subfield code="p">33724002590959</subfield>
    <subfield code="r">2024-09-25 10:36:00</subfield>
    <subfield code="w">2024-09-25</subfield>
    <subfield code="y">LIBRO</subfield>
  </datafield>
</record>
